UK - all answers begin with G - Statistics

General Stats
  • This quiz has been taken 26 times
  • The average score is 11 of 20
Answer Stats
Hint Answer % Correct
Most populous city in Scotland Glasgow
100%
Site of London's second-busiest airport Gatwick
78%
British territory “guarding” the entrance to the Mediterranean Gibraltar
78%
Game invented in Scotland associated with St Andrews Golf
78%
Nickname for Aberdeen Granite City
78%
London district for which the Prime Meridian is named Greenwich
78%
Nickname for someone from the Newcastle area Geordie
74%
UK Monarch during World War Two George VI
74%
Striking formation of columnar basalt on N Irish coast Giant's Causeway
74%
Ancient Somerset town with a famed tor and annual music festival Glastonbury
74%
Cathedral city and county town on the River Severn Gloucester
65%
Nickname for Kent Garden of England
61%
He was Prime Minister on four separate occasions in the Victorian era William Gladstone
52%
Historic county of S Wales incorporating both Swansea and Cardiff Glamorgan
48%
Town in NW Kent on the Thames opposite Tilbury Gravesend
35%
UK's most important canal running from London to Birmingham Grand Union
26%
Capital of the Cayman Islands Georgetown
22%
The fifth-longest river in UK which flows into the Wash Great Ouse
22%
Major fault between Inverness and Fort William, site of Loch Ness Great Glen
9%
Chief settlement of South Georgia, burial place of Ernest Shackleton Grytviken
4%
No matching quizzes found
Score Distribution
Percent of People with Each Score
Percentile by Number Answered
Your Score History
You have not taken this quiz